[Event "Benidorm Satellite preliminary"]
[Site "playchess.com #007036"]
[Date "2009.10.24"]
[Round "3"]
[White "Matematika"]
[Black "Wolle1305"]
[Result "1-0"]
[WhiteElo "2024"]
[BlackElo "1713"]
[PlyCount "113"]
[EventDate "2009.10.24"]
[EventType "swiss (blitz)"]

1. Nf3 {[%emt 0:00:00]} d5 {[%emt 0:00:02]} 2. c4 {[%emt 0:00:02]} e6 {[%emt 0:
00:02]} 3. g3 {[%emt 0:00:02]} Nf6 {[%emt 0:00:01]} 4. d4 {[%emt 0:00:02]} c6 {
[%emt 0:00:01]} 5. Bg2 {[%emt 0:00:01]} Bd6 {[%emt 0:00:02]} 6. O-O {[%emt 0:
00:02]} O-O {[%emt 0:00:01]} 7. a4 {[%emt 0:00:01]} Nbd7 {[%emt 0:00:01]} 8.
Qc2 {[%emt 0:00:04]} Re8 {[%emt 0:00:02]} 9. b3 {[%emt 0:00:09]} e5 {[%emt 0:
00:06]} 10. dxe5 {[%emt 0:00:06]} Nxe5 {[%emt 0:00:01]} 11. Bb2 {[%emt 0:00:07]
} dxc4 {[%emt 0:00:13]} 12. bxc4 {[%emt 0:00:06]} Nxf3+ {[%emt 0:00:05]} 13.
Bxf3 {[%emt 0:00:02]} Bh3 {[%emt 0:00:02]} 14. Bg2 {[%emt 0:00:02]} Bxg2 {
[%emt 0:00:08]} 15. Kxg2 {[%emt 0:00:02]} Qa5 {[%emt 0:00:18]} 16. e3 {[%emt 0:
00:09]} Qg5 {[%emt 0:00:14]} 17. Nd2 {[%emt 0:00:07]} Ng4 {[%emt 0:00:05]} 18.
Nf3 {[%emt 0:00:10]} Qh5 {[%emt 0:00:06]} 19. h3 {[%emt 0:00:01]} Ne5 {[%emt 0:
00:18]} 20. Nh4 {[%emt 0:00:22]} f6 {[%emt 0:00:52]} 21. Rad1 {[%emt 0:00:07]}
Bc7 {[%emt 0:00:03]} 22. f4 {[%emt 0:00:29]} Nf7 {[%emt 0:00:17]} 23. Rf3 {
[%emt 0:00:02]} Rad8 {[%emt 0:00:10]} 24. Rxd8 {[%emt 0:00:10]} Rxd8 {[%emt 0:
00:02]} 25. Nf5 {[%emt 0:00:03]} Nd6 {[%emt 0:00:16]} 26. g4 {[%emt 0:00:10]}
Qf7 {[%emt 0:00:04]} 27. Nxd6 {[%emt 0:00:09]} Rxd6 {[%emt 0:00:03]} 28. c5 {
[%emt 0:00:03]} Rd5 {[%emt 0:00:05]} 29. Bd4 {[%emt 0:00:03]} Rd8 {[%emt 0:00:
10]} 30. Qf5 {[%emt 0:00:08]} Qd5 {[%emt 0:00:02]} 31. Qxd5+ {[%emt 0:00:02]}
Rxd5 {[%emt 0:00:01]} 32. Rf2 {[%emt 0:00:02]} Ba5 {[%emt 0:00:01]} 33. Rc2 {
[%emt 0:00:03]} Rd7 {[%emt 0:00:05]} 34. Kf3 {[%emt 0:00:01]} Kf7 {[%emt 0:00:
01]} 35. f5 {[%emt 0:00:02]} g6 {[%emt 0:00:01]} 36. Rc4 {[%emt 0:00:03]} gxf5
{[%emt 0:00:01]} 37. gxf5 {[%emt 0:00:01]} Rd5 {[%emt 0:00:02]} 38. Ke4 {[%emt
0:00:02]} Rd7 {[%emt 0:00:03]} 39. h4 {[%emt 0:00:01]} Kg7 {[%emt 0:00:03]} 40.
Rc2 {[%emt 0:00:04]} Kf7 {[%emt 0:00:01]} 41. h5 {[%emt 0:00:03]} a6 {[%emt 0:
00:12]} 42. h6 {[%emt 0:00:03] .} Bc7 {[%emt 0:00:02]} 43. Rg2 {[%emt 0:00:04]}
Kf8 {[%emt 0:00:01]} 44. Bxf6 {[%emt 0:00:02]} Rf7 {[%emt 0:00:01]} 45. Bg7+ {
[%emt 0:00:02]} Ke8 {[%emt 0:00:01]} 46. f6 {[%emt 0:00:01]} b6 {[%emt 0:00:01]
} 47. cxb6 {[%emt 0:00:02]} Bxb6 {[%emt 0:00:01]} 48. Rb2 {[%emt 0:00:02]} Bd8
{[%emt 0:00:01]} 49. Rb8 {[%emt 0:00:03]} Kd7 {[%emt 0:00:01]} 50. Rb7+ {[%emt
0:00:02]} Ke6 {[%emt 0:00:01]} 51. Rxf7 {[%emt 0:00:04]} Kxf7 {[%emt 0:00:02]}
52. Kf5 {[%emt 0:00:01]} c5 {[%emt 0:00:01]} 53. e4 {[%emt 0:00:01]} Bc7 {
[%emt 0:00:05]} 54. e5 {[%emt 0:00:05]} c4 {[%emt 0:00:02]} 55. e6+ {[%emt 0:
00:01]} Ke8 {[%emt 0:00:04]} 56. f7+ {[%emt 0:00:02]} Ke7 {[%emt 0:00:00]} 57.
f8=Q# {[%emt 0:00:02]} 1-0

[Event "Benidorm Satellite preliminary"]
[Site "playchess.com #007036"]
[Date "2009.10.24"]
[Round "3"]
[White "Jahhaj"]
[Black "Tuptus"]
[Result "0-1"]
[WhiteElo "1944"]
[BlackElo "1621"]
[PlyCount "124"]
[EventDate "2009.10.24"]
[EventType "swiss (blitz)"]

1. d4 {[%emt 0:00:02]} d5 {[%emt 0:00:05]} 2. c4 {[%emt 0:00:01]} e6 {[%emt 0:
00:01]} 3. Nc3 {[%emt 0:00:01]} Be7 {[%emt 0:00:00]} 4. Nf3 {[%emt 0:00:01]}
Nf6 {[%emt 0:00:01]} 5. Bg5 {[%emt 0:00:01]} h6 {[%emt 0:00:02]} 6. Bh4 {[%emt
0:00:02]} Nbd7 {[%emt 0:00:04]} 7. e3 {[%emt 0:00:01]} b6 {[%emt 0:00:01]} 8.
cxd5 {[%emt 0:00:08]} Nxd5 {[%emt 0:00:07]} 9. Bxe7 {[%emt 0:00:18]} Nxe7 {
[%emt 0:00:01]} 10. Bd3 {[%emt 0:00:05]} Bb7 {[%emt 0:00:01]} 11. O-O {[%emt 0:
00:02]} Nf6 {[%emt 0:00:11]} 12. Ne5 {[%emt 0:00:09]} O-O {[%emt 0:00:11]} 13.
Rc1 {[%emt 0:00:11]} Ned5 {[%emt 0:00:06]} 14. Nxd5 {[%emt 0:00:07]} Qxd5 {
[%emt 0:00:04]} 15. f3 {[%emt 0:00:17]} c5 {[%emt 0:00:14]} 16. dxc5 {[%emt 0:
00:04]} Qxe5 {[%emt 0:00:04]} 17. cxb6 {[%emt 0:00:10]} axb6 {[%emt 0:00:02]}
18. Qb3 {[%emt 0:00:29]} Qxe3+ {[%emt 0:00:09]} 19. Kh1 {[%emt 0:00:01]} Kh8 {
[%emt 0:00:23]} 20. Rfe1 {[%emt 0:00:17]} Qd4 {[%emt 0:00:15]} 21. Rcd1 {[%emt
0:00:05]} Qh4 {[%emt 0:00:17]} 22. Qxb6 {[%emt 0:00:06]} Bd5 {[%emt 0:00:03]}
23. Qc7 {[%emt 0:00:50]} Bxa2 {[%emt 0:00:40] '} 24. b4 {[%emt 0:00:01]} Bb3 {
[%emt 0:00:05]} 25. Rb1 {[%emt 0:00:02]} Bd5 {[%emt 0:00:02]} 26. b5 {[%emt 0:
00:01]} Ra2 {[%emt 0:00:16]} 27. b6 {[%emt 0:00:03]} Qf2 {[%emt 0:00:04]} 28.
Rg1 {[%emt 0:00:01]} Bxf3 {[%emt 0:00:04]} 29. Bf1 {[%emt 0:00:16]} Be4 {[%emt
0:00:13]} 30. b7 {[%emt 0:00:01]} Bxb1 {[%emt 0:00:05]} 31. b8=Q {[%emt 0:00:
02]} Rxb8 {[%emt 0:00:01]} 32. Qxb8+ {[%emt 0:00:01]} Kh7 {[%emt 0:00:03]} 33.
Qxb1+ {[%emt 0:00:01]} g6 {[%emt 0:00:05]} 34. Qb7 {[%emt 0:00:03]} Kg7 {[%emt
0:00:01]} 35. Qf3 {[%emt 0:00:02]} Qxf3 {[%emt 0:00:01]} 36. gxf3 {[%emt 0:00:
02]} Rf2 {[%emt 0:00:01]} 37. Bg2 {[%emt 0:00:02]} Nh5 {[%emt 0:00:01]} 38. Rf1
{[%emt 0:00:02]} Rxf1+ {[%emt 0:00:01]} 39. Bxf1 {[%emt 0:00:01]} Nf4 {[%emt 0:
00:01]} 40. Kg1 {[%emt 0:00:01]} Nd5 {[%emt 0:00:01]} 41. Kf2 {[%emt 0:00:01]}
Kf6 {[%emt 0:00:00]} 42. Kg3 {[%emt 0:00:01]} Kf5 {[%emt 0:00:01]} 43. Bb5 {
[%emt 0:00:01]} Kg5 {[%emt 0:00:01]} 44. Be8 {[%emt 0:00:01]} f5 {[%emt 0:00:
01]} 45. Bf7 {[%emt 0:00:01]} Kf6 {[%emt 0:00:01]} 46. Be8 {[%emt 0:00:01]} Nc7
{[%emt 0:00:01]} 47. Bc6 {[%emt 0:00:02]} Nd5 {[%emt 0:00:01]} 48. Be8 {[%emt
0:00:02]} Ne3 {[%emt 0:00:01]} 49. Bc6 {[%emt 0:00:02]} e5 {[%emt 0:00:02]} 50.
Be8 {[%emt 0:00:01]} f4+ {[%emt 0:00:01]} 51. Kf2 {[%emt 0:00:03]} g5 {[%emt 0:
00:01]} 52. Bc6 {[%emt 0:00:02]} Nf5 {[%emt 0:00:01]} 53. Be4 {[%emt 0:00:02]}
Nd4 {[%emt 0:00:01]} 54. Bd5 {[%emt 0:00:01]} Ne6 {[%emt 0:00:02]} 55. Be4 {
[%emt 0:00:01]} Nc5 {[%emt 0:00:01]} 56. Bd5 {[%emt 0:00:01]} h5 {[%emt 0:00:
04]} 57. Ba2 {[%emt 0:00:03]} g4 {[%emt 0:00:01]} 58. Bb1 {[%emt 0:00:03]} Ne6
{[%emt 0:00:04]} 59. Be4 {[%emt 0:00:02]} Nd4 {[%emt 0:00:01]} 60. Bd5 {[%emt
0:00:02]} gxf3 {[%emt 0:00:02]} 61. Bxf3 {[%emt 0:00:02]} Nxf3 {[%emt 0:00:01]}
62. Kxf3 {[%emt 0:00:01]} Kf5 {[%emt 0:00:01] Jahhaj resigns} 0-1

[Event "Benidorm Satellite preliminary"]
[Site "playchess.com #007036"]
[Date "2009.10.24"]
[Round "3"]
[White "Remco"]
[Black "Daisuke"]
[Result "1-0"]
[WhiteElo "2326"]
[BlackElo "1816"]
[PlyCount "123"]
[EventDate "2009.10.24"]
[EventType "swiss (blitz)"]

1. d4 {[%emt 0:00:02]} d6 {[%emt 0:00:01]} 2. c4 {[%emt 0:00:04]} e5 {[%emt 0:
00:04]} 3. Nc3 {[%emt 0:00:05]} exd4 {[%emt 0:00:03]} 4. Qxd4 {[%emt 0:00:00]}
Nc6 {[%emt 0:00:03]} 5. Qe3+ {[%emt 0:00:02]} Be7 {[%emt 0:00:07]} 6. Nd5 {
[%emt 0:00:07]} Be6 {[%emt 0:00:08]} 7. Bd2 {[%emt 0:00:07]} Nf6 {[%emt 0:00:
06]} 8. Nxe7 {[%emt 0:00:06]} Qxe7 {[%emt 0:00:04]} 9. b3 {[%emt 0:00:05]} Bf5
{[%emt 0:00:02]} 10. g3 {[%emt 0:00:06]} Qxe3 {[%emt 0:00:04]} 11. Bxe3 {[%emt
0:00:00]} Be4 {[%emt 0:00:01]} 12. f3 {[%emt 0:00:03]} Bf5 {[%emt 0:00:05]} 13.
Bd2 {[%emt 0:00:07]} O-O {[%emt 0:00:07]} 14. e4 {[%emt 0:00:02]} Rfe8 {[%emt
0:00:01]} 15. Kf2 {[%emt 0:00:10]} Bd7 {[%emt 0:00:04]} 16. Bc3 {[%emt 0:00:08]
} Nh5 {[%emt 0:00:06]} 17. Ne2 {[%emt 0:00:09]} g6 {[%emt 0:00:13]} 18. g4 {
[%emt 0:00:12]} Ng7 {[%emt 0:00:02]} 19. Nf4 {[%emt 0:00:01]} Ne5 {[%emt 0:00:
22]} 20. Nd5 {[%emt 0:00:02]} Red8 {[%emt 0:00:40]} 21. Nf6+ {[%emt 0:00:10]}
Kf8 {[%emt 0:00:02]} 22. Nxh7+ {[%emt 0:00:09]} Ke7 {[%emt 0:00:01]} 23. Be2 {
[%emt 0:00:19]} Rh8 {[%emt 0:00:13]} 24. Ng5 {[%emt 0:00:24]} f6 {[%emt 0:00:
09]} 25. f4 {[%emt 0:00:21]} Nc6 {[%emt 0:00:22]} 26. h3 {[%emt 0:00:13]} fxg5
{[%emt 0:00:14]} 27. Bxg7 {[%emt 0:00:02]} Rhg8 {[%emt 0:00:01]} 28. Bc3 {
[%emt 0:00:03]} gxf4 {[%emt 0:00:02]} 29. h4 {[%emt 0:00:04]} Raf8 {[%emt 0:00:
04]} 30. h5 {[%emt 0:00:03]} f3 {[%emt 0:00:02]} 31. Bf1 {[%emt 0:00:07]} gxh5
{[%emt 0:00:05]} 32. gxh5 {[%emt 0:00:02]} Ne5 {[%emt 0:00:04]} 33. Bxe5 {
[%emt 0:00:06]} dxe5 {[%emt 0:00:01]} 34. h6 {[%emt 0:00:04]} Rh8 {[%emt 0:00:
01]} 35. Rd1 {[%emt 0:00:06]} Rf6 {[%emt 0:00:03]} 36. Rh5 {[%emt 0:00:02]} Re6
{[%emt 0:00:18]} 37. Bh3 {[%emt 0:00:05]} Rd6 {[%emt 0:00:01]} 38. Rxe5+ {
[%emt 0:00:03]} Kd8 {[%emt 0:00:01]} 39. Rxd6 {[%emt 0:00:02]} cxd6 {[%emt 0:
00:01]} 40. Rh5 {[%emt 0:00:01]} Bxh3 {[%emt 0:00:01]} 41. Rxh3 {[%emt 0:00:00]
} Ke7 {[%emt 0:00:00]} 42. Kxf3 {[%emt 0:00:02]} Kf6 {[%emt 0:00:01]} 43. Kf2 {
[%emt 0:00:02]} Kg6 {[%emt 0:00:01]} 44. h7 {[%emt 0:00:01]} Rxh7 {[%emt 0:00:
01]} 45. Rxh7 {[%emt 0:00:00]} Kxh7 {[%emt 0:00:00]} 46. Ke3 {[%emt 0:00:01]}
Kg6 {[%emt 0:00:00]} 47. Kd4 {[%emt 0:00:01]} Kf6 {[%emt 0:00:00]} 48. Kd5 {
[%emt 0:00:01]} Ke7 {[%emt 0:00:00]} 49. e5 {[%emt 0:00:01]} dxe5 {[%emt 0:00:
01]} 50. Kxe5 {[%emt 0:00:00]} Kd7 {[%emt 0:00:00]} 51. Kd5 {[%emt 0:00:01]}
Kc7 {[%emt 0:00:00]} 52. c5 {[%emt 0:00:01]} a6 {[%emt 0:00:02]} 53. a3 {[%emt
0:00:03]} a5 {[%emt 0:00:01]} 54. b4 {[%emt 0:00:06]} axb4 {[%emt 0:00:01]} 55.
axb4 {[%emt 0:00:00]} Kd7 {[%emt 0:00:01]} 56. b5 {[%emt 0:00:02]} Kc7 {[%emt
0:00:01]} 57. Ke6 {[%emt 0:00:02]} Kc8 {[%emt 0:00:03]} 58. Kd6 {[%emt 0:00:03]
} Kd8 {[%emt 0:00:04]} 59. c6 {[%emt 0:00:03]} bxc6 {[%emt 0:00:01]} 60. Kxc6 {
[%emt 0:00:00]} Kc8 {[%emt 0:00:01]} 61. b6 {[%emt 0:00:06]} Kb8 {[%emt 0:00:
02]} 62. b7 {[%emt 0:00:00] Daisuke gibt auf} 1-0

[Event "Benidorm Satellite preliminary"]
[Site "playchess.com #007036"]
[Date "2009.10.24"]
[Round "3"]
[White "Jiriki"]
[Black "Chanwxt"]
[Result "1-0"]
[WhiteElo "2500"]
[BlackElo "2858"]
[PlyCount "115"]
[EventDate "2009.10.24"]
[EventType "swiss (blitz)"]

1. e4 {[%emt 0:00:02]} e5 {[%emt 0:00:01]} 2. Nf3 {[%emt 0:00:01]} Nc6 {[%emt
0:00:01]} 3. d4 {[%emt 0:00:01]} exd4 {[%emt 0:00:00]} 4. Nxd4 {[%emt 0:00:00]}
Nf6 {[%emt 0:00:01]} 5. Nxc6 {[%emt 0:00:01]} bxc6 {[%emt 0:00:01]} 6. e5 {
[%emt 0:00:01]} Qe7 {[%emt 0:00:01]} 7. Qe2 {[%emt 0:00:01]} Nd5 {[%emt 0:00:
00]} 8. c4 {[%emt 0:00:01]} Nb6 {[%emt 0:00:01]} 9. b3 {[%emt 0:00:06]} a5 {
[%emt 0:00:02]} 10. Bb2 {[%emt 0:00:01]} a4 {[%emt 0:00:01]} 11. Nd2 {[%emt 0:
00:03]} axb3 {[%emt 0:00:01]} 12. axb3 {[%emt 0:00:00]} Rxa1+ {[%emt 0:00:00]}
13. Bxa1 {[%emt 0:00:00]} Qa3 {[%emt 0:00:00]} 14. Qd1 {[%emt 0:00:02]} Bb4 {
[%emt 0:00:00]} 15. Bd3 {[%emt 0:00:07]} Qa5 {[%emt 0:00:01]} 16. Ke2 {[%emt 0:
00:04]} d6 {[%emt 0:00:03]} 17. Qc2 {[%emt 0:00:11]} dxe5 {[%emt 0:00:17]} 18.
Nf3 {[%emt 0:00:03]} e4 {[%emt 0:00:21]} 19. Bxe4 {[%emt 0:00:04]} O-O {[%emt
0:00:01]} 20. Rd1 {[%emt 0:00:13]} h6 {[%emt 0:00:26]} 21. Kf1 {[%emt 0:00:12]}
Qh5 {[%emt 0:00:16]} 22. Qb2 {[%emt 0:00:17]} f6 {[%emt 0:00:03]} 23. Qc2 {
[%emt 0:00:06]} Bg4 {[%emt 0:00:35]} 24. Bg6 {[%emt 0:00:18]} Qc5 {[%emt 0:00:
12]} 25. Bd4 {[%emt 0:00:11]} Qa5 {[%emt 0:00:02]} 26. Qe4 {[%emt 0:00:10]}
Bxf3 {[%emt 0:00:24]} 27. Qxf3 {[%emt 0:00:03]} Bc5 {[%emt 0:00:01]} 28. Bxc5 {
[%emt 0:00:15]} Qxc5 {[%emt 0:00:01]} 29. Bc2 {[%emt 0:00:02]} Qe5 {[%emt 0:00:
13]} 30. Qxc6 {[%emt 0:00:09]} f5 {[%emt 0:00:26]} 31. g3 {[%emt 0:00:10]} Nc8
{[%emt 0:00:06]} 32. Qd5+ {[%emt 0:00:02]} Qxd5 {[%emt 0:00:01]} 33. Rxd5 {
[%emt 0:00:00]} Nd6 {[%emt 0:00:03]} 34. c5 {[%emt 0:00:05]} Ne4 {[%emt 0:00:
01]} 35. Bxe4 {[%emt 0:00:05]} fxe4 {[%emt 0:00:00]} 36. Ke2 {[%emt 0:00:03]}
Rf3 {[%emt 0:00:01]} 37. Rd7 {[%emt 0:00:10]} Rxb3 {[%emt 0:00:04]} 38. Rxc7 {
[%emt 0:00:01]} Rc3 {[%emt 0:00:00]} 39. h4 {[%emt 0:00:04]} h5 {[%emt 0:00:02]
} 40. c6 {[%emt 0:00:01]} Kh7 {[%emt 0:00:01]} 41. Rc8 {[%emt 0:00:05]} Kg6 {
[%emt 0:00:01]} 42. c7 {[%emt 0:00:01]} Kh7 {[%emt 0:00:05]} 43. Kd2 {[%emt 0:
00:02]} Rc4 {[%emt 0:00:01]} 44. Ke3 {[%emt 0:00:01]} Kg6 {[%emt 0:00:02]} 45.
Kf4 {[%emt 0:00:04]} Kh7 {[%emt 0:00:03]} 46. Kf5 {[%emt 0:00:04]} g6+ {[%emt
0:00:08]} 47. Ke5 {[%emt 0:00:02]} Kg7 {[%emt 0:00:07]} 48. Kd5 {[%emt 0:00:01]
} Rc2 {[%emt 0:00:01]} 49. Kxe4 {[%emt 0:00:01]} Rc1 {[%emt 0:00:00]} 50. Ke3 {
[%emt 0:00:06]} Rc2 {[%emt 0:00:02]} 51. Kd3 {[%emt 0:00:06]} Rc1 {[%emt 0:00:
01]} 52. f3 {[%emt 0:00:02]} Rc6 {[%emt 0:00:01]} 53. Kd4 {[%emt 0:00:02]} Rc1
{[%emt 0:00:01]} 54. f4 {[%emt 0:00:16]} Rc2 {[%emt 0:00:04]} 55. Ke4 {[%emt 0:
00:02]} Rc4+ {[%emt 0:00:02]} 56. Ke5 {[%emt 0:00:01]} Rc5+ {[%emt 0:00:01]}
57. Kd6 {[%emt 0:00:01]} Rc1 {[%emt 0:00:01]} 58. Rd8 {[%emt 0:00:01] Chanwxt
resigns} 1-0

[Event "Benidorm Satellite preliminary"]
[Site "playchess.com #007036"]
[Date "2009.10.24"]
[Round "3"]
[White "theentomologist"]
[Black "Heinz53"]
[Result "0-1"]
[WhiteElo "1268"]
[BlackElo "1632"]
[PlyCount "120"]
[EventDate "2009.10.24"]
[EventType "swiss (blitz)"]

1. e4 {[%emt 0:00:03]} d5 {[%emt 0:00:01]} 2. exd5 {[%emt 0:00:01]} Nf6 {[%emt
0:00:01]} 3. d4 {[%emt 0:00:02]} e6 {[%emt 0:00:01]} 4. dxe6 {[%emt 0:00:04]}
Bxe6 {[%emt 0:00:01]} 5. Nf3 {[%emt 0:00:01]} Nc6 {[%emt 0:00:02]} 6. c4 {
[%emt 0:00:10]} Bb4+ {[%emt 0:00:01]} 7. Nc3 {[%emt 0:00:01]} Qe7 {[%emt 0:00:
01]} 8. Bg5 {[%emt 0:00:03]} Bxc4+ {[%emt 0:00:02]} 9. Kd2 {[%emt 0:00:19]}
Bxf1 {[%emt 0:00:07]} 10. Rxf1 {[%emt 0:00:02]} O-O-O {[%emt 0:00:01]} 11. Re1
{[%emt 0:00:04]} Qd6 {[%emt 0:00:05]} 12. Kc2 {[%emt 0:00:04]} h6 {[%emt 0:00:
24]} 13. d5 {[%emt 0:00:11]} hxg5 {[%emt 0:00:14]} 14. dxc6 {[%emt 0:00:03]}
Qxc6 {[%emt 0:00:03]} 15. Qe2 {[%emt 0:00:19]} Bxc3 {[%emt 0:00:09]} 16. bxc3 {
[%emt 0:00:02]} Rhe8 {[%emt 0:00:01]} 17. Qf1 {[%emt 0:00:08]} Ne4 {[%emt 0:00:
06]} 18. Re3 {[%emt 0:00:10]} f5 {[%emt 0:00:07]} 19. Nd4 {[%emt 0:00:05]} Qc5
{[%emt 0:00:11]} 20. Nb3 {[%emt 0:00:05]} Qc6 {[%emt 0:00:25]} 21. Rae1 {[%emt
0:00:15]} f4 {[%emt 0:00:20]} 22. R3e2 {[%emt 0:00:07]} Qxc3+ {[%emt 0:00:02]}
23. Kb1 {[%emt 0:00:01]} Qd3+ {[%emt 0:00:10]} 24. Kb2 {[%emt 0:00:02]} Qc3+ {
[%emt 0:00:19]} 25. Kb1 {[%emt 0:00:06]} Qc6 {[%emt 0:00:16]} 26. Rc1 {[%emt 0:
00:06]} Qg6 {[%emt 0:00:07]} 27. Kb2 {[%emt 0:00:02]} Qf6+ {[%emt 0:00:02]} 28.
Kb1 {[%emt 0:00:05]} Qf5 {[%emt 0:00:02]} 29. Kb2 {[%emt 0:00:02]} Qe5+ {[%emt
0:00:02]} 30. Kb1 {[%emt 0:00:07]} Rd5 {[%emt 0:00:09]} 31. Rec2 {[%emt 0:00:
01]} c6 {[%emt 0:00:01]} 32. Qc4 {[%emt 0:00:21]} Red8 {[%emt 0:00:04]} 33. Qa4
{[%emt 0:00:14]} Kb8 {[%emt 0:00:02]} 34. Qb4 {[%emt 0:00:18]} Rb5 {[%emt 0:00:
01]} 35. Qc3 {[%emt 0:00:01]} Qxc3 {[%emt 0:00:03]} 36. Rxc3 {[%emt 0:00:01]}
Nd2+ {[%emt 0:00:03]} 37. Kc2 {[%emt 0:00:03]} Nxb3 {[%emt 0:00:01]} 38. Rxb3 {
[%emt 0:00:04]} Rc5+ {[%emt 0:00:03]} 39. Kb2 {[%emt 0:00:02]} Rcd5 {[%emt 0:
00:03]} 40. Rxc6 {[%emt 0:00:04]} Rd2+ {[%emt 0:00:01]} 41. Ka3 {[%emt 0:00:01]
} b6 {[%emt 0:00:02]} 42. Rc4 {[%emt 0:00:04]} Rxf2 {[%emt 0:00:01]} 43. Rcb4 {
[%emt 0:00:01]} Rxg2 {[%emt 0:00:01]} 44. Ka4 {[%emt 0:00:03]} Rxh2 {[%emt 0:
00:01]} 45. Kb5 {[%emt 0:00:04]} g4 {[%emt 0:00:04]} 46. Kc6 {[%emt 0:00:01]}
g5 {[%emt 0:00:01]} 47. Rxb6+ {[%emt 0:00:02]} axb6 {[%emt 0:00:02]} 48. Rxb6+
{[%emt 0:00:01]} Kc8 {[%emt 0:00:01]} 49. Ra6 {[%emt 0:00:02]} Rc2+ {[%emt 0:
00:01]} 50. Kb5 {[%emt 0:00:03]} Rd5+ {[%emt 0:00:02]} 51. Kb4 {[%emt 0:00:05]}
Rdc5 {[%emt 0:00:09]} 52. Ra8+ {[%emt 0:00:02]} Kb7 {[%emt 0:00:01]} 53. Rf8 {
[%emt 0:00:03]} f3 {[%emt 0:00:01]} 54. Rf7+ {[%emt 0:00:02]} Kc6 {[%emt 0:00:
02]} 55. Rf6+ {[%emt 0:00:01]} Kd7 {[%emt 0:00:01]} 56. Ra6 {[%emt 0:00:04]} f2
{[%emt 0:00:03]} 57. Ra7+ {[%emt 0:00:01]} Kd6 {[%emt 0:00:02]} 58. Rf7 {[%emt
0:00:01]} g3 {[%emt 0:00:02]} 59. Rf6+ {[%emt 0:00:04]} Ke5 {[%emt 0:00:02]}
60. Rf3 {[%emt 0:00:02]} g2 {[%emt 0:00:02] theentomologist resigns} 0-1

[Event "Benidorm Satellite preliminary"]
[Site "playchess.com #007036"]
[Date "2009.10.24"]
[Round "3"]
[White "Borya_ider"]
[Black "Pepecuenca2"]
[Result "0-1"]
[WhiteElo "2708"]
[BlackElo "2358"]
[PlyCount "132"]
[EventDate "2009.10.24"]
[EventType "swiss (blitz)"]

1. d4 {[%emt 0:00:02]} Nf6 {[%emt 0:00:02]} 2. c4 {[%emt 0:00:01]} g6 {[%emt 0:
00:01]} 3. Nc3 {[%emt 0:00:01]} Bg7 {[%emt 0:00:06]} 4. e4 {[%emt 0:00:05]} d6
{[%emt 0:00:01]} 5. h3 {[%emt 0:00:01]} O-O {[%emt 0:00:05]} 6. Bg5 {[%emt 0:
00:01]} Na6 {[%emt 0:00:06]} 7. Bd3 {[%emt 0:00:02]} e5 {[%emt 0:00:04]} 8. d5
{[%emt 0:00:01]} h6 {[%emt 0:00:07]} 9. Be3 {[%emt 0:00:02]} Nc5 {[%emt 0:00:
01]} 10. Bc2 {[%emt 0:00:02]} a5 {[%emt 0:00:01]} 11. Nge2 {[%emt 0:00:02]} c6
{[%emt 0:00:07]} 12. O-O {[%emt 0:00:02]} cxd5 {[%emt 0:00:01]} 13. exd5 {
[%emt 0:00:01] Borya_ider réclame le gain suite à déconnexion} Nfd7 {[%emt 0:
00:40]} 14. Qd2 {[%emt 0:00:09]} Kh7 {[%emt 0:00:06]} 15. Rab1 {[%emt 0:00:06]}
f5 {[%emt 0:00:02]} 16. f4 {[%emt 0:00:01]} Qe7 {[%emt 0:00:09]} 17. Rbe1 {
[%emt 0:00:07]} b6 {[%emt 0:00:12]} 18. Ng3 {[%emt 0:00:04]} e4 {[%emt 0:00:07]
} 19. Kh1 {[%emt 0:00:04]} Nf6 {[%emt 0:00:09]} 20. Nge2 {[%emt 0:00:02]} Bd7 {
[%emt 0:00:04]} 21. Nd4 {[%emt 0:00:01]} Rac8 {[%emt 0:00:03]} 22. b3 {[%emt 0:
00:01]} Nh5 {[%emt 0:00:06]} 23. Kh2 {[%emt 0:00:05]} Qh4 {[%emt 0:00:03]} 24.
Qf2 {[%emt 0:00:03]} Qxf2 {[%emt 0:00:04]} 25. Rxf2 {[%emt 0:00:01]} Bf6 {
[%emt 0:00:15]} 26. g3 {[%emt 0:00:11]} Ng7 {[%emt 0:00:04]} 27. Ncb5 {[%emt 0:
00:02]} Ne8 {[%emt 0:00:04]} 28. Na7 {[%emt 0:00:05]} Rc7 {[%emt 0:00:05]} 29.
Nab5 {[%emt 0:00:03]} Rc8 {[%emt 0:00:02]} 30. Rd1 {[%emt 0:00:04]} Be7 {[%emt
0:00:11]} 31. Na7 {[%emt 0:00:08]} Rc7 {[%emt 0:00:02]} 32. Nac6 {[%emt 0:00:
01]} Bf6 {[%emt 0:00:02]} 33. Rg2 {[%emt 0:00:01]} Na6 {[%emt 0:00:04]} 34. g4
{[%emt 0:00:06]} fxg4 {[%emt 0:00:07]} 35. hxg4 {[%emt 0:00:01]} Nc5 {[%emt 0:
00:07]} 36. Nb5 {[%emt 0:00:10]} Rc8 {[%emt 0:00:07]} 37. Nca7 {[%emt 0:00:04]}
Rd8 {[%emt 0:00:04]} 38. Bxc5 {[%emt 0:00:02]} dxc5 {[%emt 0:00:02]} 39. Bxe4 {
[%emt 0:00:01]} Be7 {[%emt 0:00:08]} 40. Rf1 {[%emt 0:00:04]} Nd6 {[%emt 0:00:
02]} 41. Nxd6 {[%emt 0:00:14]} Bxd6 {[%emt 0:00:00]} 42. Kg3 {[%emt 0:00:04]}
Rxf4 {[%emt 0:00:05]} 43. Rxf4 {[%emt 0:00:02]} Rf8 {[%emt 0:00:01]} 44. Rgf2 {
[%emt 0:00:01]} Kg7 {[%emt 0:00:01]} 45. Bf5 {[%emt 0:00:23]} gxf5 {[%emt 0:00:
04]} 46. Kg2 {[%emt 0:00:04]} Bxf4 {[%emt 0:00:05]} 47. Rxf4 {[%emt 0:00:01]}
fxg4 {[%emt 0:00:01]} 48. Re4 {[%emt 0:00:01]} Kf6 {[%emt 0:00:03]} 49. Kg3 {
[%emt 0:00:06]} Kg5 {[%emt 0:00:03]} 50. Re5+ {[%emt 0:00:02]} Rf5 {[%emt 0:00:
01]} 51. Re7 {[%emt 0:00:03]} Rf3+ {[%emt 0:00:01]} 52. Kg2 {[%emt 0:00:00]}
Bf5 {[%emt 0:00:01]} 53. Nc6 {[%emt 0:00:03]} h5 {[%emt 0:00:03]} 54. Ne5 {
[%emt 0:00:07]} Rc3 {[%emt 0:00:01]} 55. d6 {[%emt 0:00:08]} Rc2+ {[%emt 0:00:
01]} 56. Kg1 {[%emt 0:00:01]} h4 {[%emt 0:00:02]} 57. d7 {[%emt 0:00:01]} Rd2 {
[%emt 0:00:02]} 58. Re8 {[%emt 0:00:23]} Bxd7 {[%emt 0:00:07]} 59. Rd8 {[%emt
0:00:01]} Rd1+ {[%emt 0:00:14]} 60. Kg2 {[%emt 0:00:02]} h3+ {[%emt 0:00:03]}
61. Kf2 {[%emt 0:00:03]} h2 {[%emt 0:00:03]} 62. Rg8+ {[%emt 0:00:15]} Kf4 {
[%emt 0:00:04]} 63. Ng6+ {[%emt 0:00:03]} Ke4 {[%emt 0:00:02]} 64. Rf8 {[%emt
0:00:31] .} h1=Q {[%emt 0:00:02]} 65. Rf4+ {[%emt 0:00:01]} Kd3 {[%emt 0:00:01]
} 66. Ne5+ {[%emt 0:00:01]} Kc3 {[%emt 0:00:01] Borya_ider abandonne  (Lag:
Av=0.36s, max=0.8s)} 0-1